Capital cities of FIFA World Cup winning countries - 30 second sprint - Statistics

General Stats
  • This quiz has been taken 53 times
  • The average score is 7 of 9
Answer Stats
Year Answer % Correct
2014 Berlin
95%
2010 Madrid
89%
1998,2018 Paris
89%
1934,1938,1982,2006 Rome
86%
1958,1962,1970,1994,2002 Brasilia
84%
1966 London
81%
1930,1950 Montevideo
81%
1978,1986,2022 Buenos Aires
73%
1954,1974,1990 Bonn
30%
No matching quizzes found
Score Distribution
Percent of People with Each Score
Percentile by Number Answered
Your Score History
You have not taken this quiz